000 00569nam a2200193Ia 4500
001 46203
008 140429s9999 xx 000 0 und d
020 _a1591473063
040 _cPK-LaUMT
082 _a 616.8527
_bPET-C
100 _aJoiner, Thomas E.
245 _aChronic depression
_binterpersonal sources, therapeutic solutions
_cJoiner, Thomas E.<>Pettit, Jeremy W.
260 _aWashington,USA:
_bAmerican Psychological Association,
_c2006
300 _a213 p.
546 _aEN
650 _aDepression, mental
700 _aPettit, Jeremy W.
942 _cBK
999 _c44156
_d44156